| 000 | 00000nas##2200000za#4500 |
|---|---|
| 001 | 9.514788 |
| 003 | CaOODSP |
| 005 | 20200325130544 |
| 007 | ta |
| 008 | 150406c2001||||xxc|| m #||||f| |0eng|d |
| 040 | |aCaOODSP|beng |
| 043 | |an-cn--- |
| 086 | 1 |aM143-5E |
| 110 | 1 |aCanada.|bNatural Resources Canada. |bEnergy Resources Branch. |
| 245 | 10|aCase study - biomass combustion systems |
| 260 | |aOttawa - Ontario : |bNatural Resources Canada. |
| 563 | |aSoftcover |
| 775 | 08|tÉtude de cas - Systèmes de chauffage à la biomasse |w(CaOODSP)9.513141 |
| 776 | 0#|tCase study. Biomass combustion systems |w(CaOODSP)9.504926 |